| 000 | nam a22 7a 4500 | ||
|---|---|---|---|
| 999 |
_c331611 _d331611 |
||
| 003 | NUST | ||
| 005 | 20171006100318.0 | ||
| 008 | 171006b xxu||||| |||| 00| 0 eng d | ||
| 020 | _a9693511093 | ||
| 040 | _cNUST | ||
| 082 |
_a954.9122 _bKHA |
||
| 100 |
_aShah Raees Khan _95288 |
||
| 245 |
_aShah Raees Khan ki tareekh Gilgit / _cmoalif: Ahmad Hassan Dani |
||
| 260 |
_aLahore: _bSang -e- Meel Publications, _c2000 |
||
| 300 | _a422 p. | ||
| 546 | _aIn Urdu | ||
| 650 |
_aHistory Gilgit _95289 |
||
| 880 |
_6100-01\(3\r _aشاہ رئیس خان |
||
| 880 |
_6245-02\(3\r _aشاہ رئیس خان کی تاریخ گلگت _cمؤلف: احمد حسن دانی |
||
| 880 |
_6260-03\(3\r _aلاہور: _bسنگ میل پبلی کیشنز، _c2000 |
||
| 942 |
_2ddc _cBK |
||